[Event "20. Obert Int. Sant Marti 2018 - B"]
[Site "Barcelona ESP"]
[Date "2018.07.13"]
[Round "1.69"]
[White "Planella Zavala, Ivan"]
[Black "Romero Funieles, Rafael"]
[Result "1-0"]
[WhiteElo "1310"]
[BlackElo "1725"]
[PlyCount "89"]
[EventDate "2018.07.13"]
[EventType "swiss"]
[EventRounds "9"]
[EventCountry "ESP"]
[SourceTitle "Ajedrez en Madrid"]
[Source "lmi"]
[SourceDate "2018.07.13"]
[SourceVersion "1"]
[SourceVersionDate "2019.06.21"]
[SourceQuality "1"]

1. e4 e6 2. d4 h6 3. Nf3 d6 4. Nc3 Be7 5. g3 Nf6 6. Bg2 O-O 7. O-O a6 8. b3 Nc6
9. Bb2 Rb8 10. Qe2 e5 11. dxe5 dxe5 12. Rad1 Qe8 13. Nd5 Bd8 14. Ba3 Nxd5 15.
exd5 Nd4 16. Nxd4 exd4 17. Qd3 Bf6 18. Bxf8 Qxf8 19. Rde1 Bd7 20. Re2 Bb5 21.
Qd2 Bxe2 22. Qxe2 Qa3 23. Qc4 Be5 24. Qa4 Qb2 25. Be4 Rd8 26. Re1 Rf8 27. Qb4
d3 28. Bxd3 Bd6 29. Qe4 g6 30. a4 Qc3 31. Re2 Kg7 32. Qc4 Qa1+ 33. Kg2 h5 34.
Re4 Rd8 35. Qd4+ Qxd4 36. Rxd4 f5 37. Bc4 Bc5 38. Rd2 c6 39. Rd3 Rd6 40. dxc6
Rxc6 41. Rd7+ Kf6 42. Rxb7 Bb6 43. Rf7+ Ke5 44. c3 Ba5 45. f4+ 1-0

[Event "20. Obert Int. Sant Marti 2018 - B"]
[Site "Barcelona ESP"]
[Date "2018.07.13"]
[Round "1.70"]
[White "Pascual Gonzalez-Novelles, Carles"]
[Black "Bao, Jin Wen"]
[Result "1/2-1/2"]
[WhiteElo "1717"]
[BlackElo "1302"]
[PlyCount "46"]
[EventDate "2018.07.13"]
[EventType "swiss"]
[EventRounds "9"]
[EventCountry "ESP"]
[SourceTitle "Ajedrez en Madrid"]
[Source "lmi"]
[SourceDate "2018.07.13"]
[SourceVersion "1"]
[SourceVersionDate "2019.06.21"]
[SourceQuality "1"]

1. e4 c5 2. Nc3 e6 3. g3 d5 4. exd5 exd5 5. Bg2 Nf6 6. d4 cxd4 7. Qxd4 Nc6 8.
Qd1 Be7 9. Nxd5 Nxd5 10. Qxd5 Qxd5 11. Bxd5 Nb4 12. Be4 f5 13. Bd3 Be6 14. a3
Nxd3+ 15. cxd3 O-O-O 16. Ne2 Rxd3 17. Bf4 Bd6 18. Rc1+ Kb8 19. O-O Bxf4 20.
Nxf4 Rd6 21. Rfe1 Re8 22. Rc5 Bd7 23. Rec1 Rc8 1/2-1/2

[Event "20. Obert Int. Sant Marti 2018 - B"]
[Site "Barcelona ESP"]
[Date "2018.07.13"]
[Round "1.71"]
[White "Guerrero Baez, Indira"]
[Black "Volart Buil, Jordi"]
[Result "0-1"]
[WhiteElo "1300"]
[BlackElo "1715"]
[PlyCount "102"]
[EventDate "2018.07.13"]
[EventType "swiss"]
[EventRounds "9"]
[EventCountry "ESP"]
[SourceTitle "Ajedrez en Madrid"]
[Source "lmi"]
[SourceDate "2018.07.13"]
[SourceVersion "1"]
[SourceVersionDate "2019.06.21"]
[SourceQuality "1"]

1. d4 Nf6 2. Nf3 c5 3. e3 d5 4. b3 Nc6 5. Bb2 Bg4 6. Be2 e6 7. O-O Be7 8. c4
O-O 9. Nc3 dxc4 10. bxc4 cxd4 11. exd4 Bxf3 12. Bxf3 Nxd4 13. Rb1 Nxf3+ 14.
Qxf3 b6 15. Rfd1 Qc7 16. Rbc1 Rfd8 17. Qe2 Rac8 18. Nb5 Rxd1+ 19. Qxd1 Qb7 20.
Nd6 Bxd6 21. Qxd6 Ne8 22. Qd4 Qc7 23. Ba3 Rd8 24. Qe3 Qxc4 25. Qb3 Qxb3 26.
axb3 Nc7 27. Kf1 Nd5 28. g3 f6 29. Ke2 Kf7 30. Rc4 Rd7 31. Kf3 f5 32. Ke2 g5
33. h4 h6 34. Bc1 Kg6 35. Rc6 Re7 36. Ba3 Re8 37. Rc4 gxh4 38. Rxh4 Rc8 39. Rd4
Rc2+ 40. Rd2 Nc3+ 41. Ke3 Rxd2 42. Kxd2 Nb1+ 43. Kd3 Nxa3 44. Kd4 Kf6 45. f4 a6
46. Kc3 Ke7 47. Kd4 Kd6 48. b4 Nb5+ 49. Kc4 Nc7 50. Kd4 Nd5 51. Kc4 Nf6 0-1

[Event "20. Obert Int. Sant Marti 2018 - B"]
[Site "Barcelona ESP"]
[Date "2018.07.13"]
[Round "1.72"]
[White "Valero Recalde, Pablo"]
[Black "Minko, Uliana"]
[Result "1-0"]
[WhiteElo "1715"]
[BlackElo "1284"]
[PlyCount "83"]
[EventDate "2018.07.13"]
[EventType "swiss"]
[EventRounds "9"]
[EventCountry "ESP"]
[SourceTitle "Ajedrez en Madrid"]
[Source "lmi"]
[SourceDate "2018.07.13"]
[SourceVersion "1"]
[SourceVersionDate "2019.06.21"]
[SourceQuality "1"]

1. d4 d5 2. c4 e6 3. Nc3 c5 4. cxd5 exd5 5. Nf3 Nf6 6. Bg5 Be7 7. g3 b6 8. Bg2
Bb7 9. O-O O-O 10. Rc1 Ne4 11. Be3 f5 12. Ne1 c4 13. Bf4 a6 14. f3 Nxc3 15.
Rxc3 Nd7 16. Be3 b5 17. Bf2 b4 18. Rc1 a5 19. f4 Nf6 20. Nf3 Ne4 21. Be1 Rc8
22. Ne5 c3 23. Bxe4 fxe4 24. bxc3 bxc3 25. Rxc3 Qb6 26. Rb3 Qa7 27. Bxa5 Bf6
28. Bb6 Qa8 29. Bc5 Rfe8 30. Rf2 Be7 31. Nd7 Rc7 32. Bxe7 Rxe7 33. Nc5 Qxa2 34.
e3 Qa8 35. Rfb2 Bc8 36. Rb8 Qa3 37. Qd2 Kf7 38. Ra2 Qxa2 39. Qxa2 Bg4 40. Qxd5+
Kf6 41. Rf8+ Kg6 42. Qg5# 1-0

[Event "20. Obert Int. Sant Marti 2018 - B"]
[Site "Barcelona ESP"]
[Date "2018.07.13"]
[Round "1.73"]
[White "Apinyan, Mark"]
[Black "Brufau Devesa, Eduard"]
[Result "0-1"]
[WhiteElo "1269"]
[BlackElo "1714"]
[PlyCount "50"]
[EventDate "2018.07.13"]
[EventType "swiss"]
[EventRounds "9"]
[EventCountry "ESP"]
[SourceTitle "Ajedrez en Madrid"]
[Source "lmi"]
[SourceDate "2018.07.13"]
[SourceVersion "1"]
[SourceVersionDate "2019.06.21"]
[SourceQuality "1"]

1. d4 e6 2. c4 Nf6 3. Nc3 b6 4. e4 Bb7 5. Bd3 Bb4 6. Nge2 Nxe4 7. Bxe4 Bxe4 8.
O-O Bb7 9. Be3 Be7 10. Re1 O-O 11. Qd3 d5 12. b3 dxc4 13. bxc4 Nc6 14. a3 Ne5
15. Qd2 Nxc4 16. Qc1 Nxe3 17. Qxe3 Bf6 18. Rad1 Qe7 19. Ra1 h6 20. Red1 Rfd8
21. Ne4 Bxe4 22. Qxe4 c5 23. dxc5 Bxa1 24. Rxa1 Qxc5 25. Qf3 Qd5 0-1

[Event "20. Obert Int. Sant Marti 2018 - B"]
[Site "Barcelona ESP"]
[Date "2018.07.13"]
[Round "1.74"]
[White "Cabrera Marmol, Manuel"]
[Black "Membrives Cano, Diego"]
[Result "1-0"]
[WhiteElo "1714"]
[BlackElo "1262"]
[PlyCount "55"]
[EventDate "2018.07.13"]
[EventType "swiss"]
[EventRounds "9"]
[EventCountry "ESP"]
[SourceTitle "Ajedrez en Madrid"]
[Source "lmi"]
[SourceDate "2018.07.13"]
[SourceVersion "1"]
[SourceVersionDate "2019.06.21"]
[SourceQuality "1"]

1. e4 d6 2. d4 Nf6 3. Nc3 Nbd7 4. Bc4 e5 5. Nf3 Be7 6. O-O O-O 7. Qe2 c6 8. Rd1
b5 9. dxe5 bxc4 10. exd6 Bxd6 11. Rxd6 Qc7 12. Bf4 Re8 13. Rxf6 Qb7 14. Rd6
Qxb2 15. Qe1 Qxc2 16. Rc1 Qb2 17. Rxc6 Qb7 18. Rxc4 Nb6 19. Rc7 Qa6 20. Ng5 Be6
21. Nxe6 Rxe6 22. Be3 h6 23. Qd2 Rc8 24. Bxb6 axb6 25. Nb5 Rce8 26. Qd7 R6e7
27. Qf5 Qxa2 28. Rxe7 1-0

[Event "20. Obert Int. Sant Marti 2018 - B"]
[Site "Barcelona ESP"]
[Date "2018.07.13"]
[Round "1.77"]
[White "Casas Vinas, Arthur"]
[Black "Jimenez Molina, Victor"]
[Result "0-1"]
[WhiteElo "1249"]
[BlackElo "1710"]
[PlyCount "82"]
[EventDate "2018.07.13"]
[EventType "swiss"]
[EventRounds "9"]
[EventCountry "ESP"]
[SourceTitle "Ajedrez en Madrid"]
[Source "lmi"]
[SourceDate "2018.07.13"]
[SourceVersion "1"]
[SourceVersionDate "2019.06.21"]
[SourceQuality "1"]

1. e4 e5 2. Nf3 Nc6 3. Bb5 a6 4. Ba4 Nf6 5. O-O b5 6. Bb3 Bc5 7. c3 d6 8. h3
O-O 9. Re1 Bb6 10. d4 Bb7 11. d5 Ne7 12. Bc2 Ng6 13. b3 Re8 14. c4 bxc4 15.
bxc4 Nd7 16. Nc3 h6 17. Ne2 Nh4 18. Ng3 Qf6 19. Rb1 Bc8 20. Ba4 Rb8 21. Be3
Nxf3+ 22. Qxf3 Qxf3 23. gxf3 Rf8 24. Kh2 Ba5 25. Rg1 Rxb1 26. Rxb1 Nb6 27. Bb3
f5 28. f4 exf4 29. Bxf4 fxe4 30. Be3 Bd2 31. Nxe4 Bxe3 32. fxe3 Rf3 33. Kg2
Rxe3 34. Nf2 Bf5 35. Rf1 Bh7 36. Ng4 Be4+ 37. Kh2 Rd3 38. Bc2 Rd2+ 39. Rf2
Rxf2+ 40. Nxf2 Bxc2 41. Ng4 Nxc4 0-1

[Event "20. Obert Int. Sant Marti 2018 - B"]
[Site "Barcelona ESP"]
[Date "2018.07.13"]
[Round "1.78"]
[White "Roche Peris, Eduard"]
[Black "Ruiz Serra, Guillem"]
[Result "1-0"]
[WhiteElo "1705"]
[BlackElo "1199"]
[PlyCount "65"]
[EventDate "2018.07.13"]
[EventType "swiss"]
[EventRounds "9"]
[EventCountry "ESP"]
[SourceTitle "Ajedrez en Madrid"]
[Source "lmi"]
[SourceDate "2018.07.13"]
[SourceVersion "1"]
[SourceVersionDate "2019.06.21"]
[SourceQuality "1"]

1. e4 e5 2. Nf3 Nf6 3. Nc3 Nc6 4. d4 d6 5. Bc4 h6 6. dxe5 Ng4 7. exd6 Bxd6 8.
O-O O-O 9. Nb5 Nce5 10. Nxd6 cxd6 11. Nxe5 Nxe5 12. Bd5 Rb8 13. Bf4 Be6 14.
Bxe5 dxe5 15. Bxe6 fxe6 16. Qxd8 Rfxd8 17. Rfd1 Rxd1+ 18. Rxd1 Rc8 19. c3 a6
20. Kf1 b5 21. Rd6 Kf7 22. Rxa6 Rc4 23. f3 b4 24. cxb4 Rc1+ 25. Kf2 Rc2+ 26.
Kg3 Rxb2 27. Ra7+ Kf6 28. a3 g6 29. h4 Ra2 30. b5 Rd2 31. b6 Rb2 32. b7 Rb1 33.
a4 1-0

[Event "20. Obert Int. Sant Marti 2018 - B"]
[Site "Barcelona ESP"]
[Date "2018.07.13"]
[Round "1.79"]
[White "Minko, Aleksandr"]
[Black "Vicente Soriano, Josep"]
[Result "0-1"]
[WhiteElo "1112"]
[BlackElo "1701"]
[PlyCount "114"]
[EventDate "2018.07.13"]
[EventType "swiss"]
[EventRounds "9"]
[EventCountry "ESP"]
[SourceTitle "Ajedrez en Madrid"]
[Source "lmi"]
[SourceDate "2018.07.13"]
[SourceVersion "1"]
[SourceVersionDate "2019.06.21"]
[SourceQuality "1"]

1. e4 c5 2. Nf3 Nc6 3. d4 cxd4 4. Nxd4 g6 5. c4 Bg7 6. Be3 Nf6 7. Nc3 Ng4 8.
Qxg4 Nxd4 9. Qd1 Nc6 10. Rc1 d6 11. c5 dxc5 12. Qxd8+ Nxd8 13. Nd5 Ne6 14. Bxc5
O-O 15. Nxe7+ Kh8 16. Ba3 Rd8 17. Bb5 Nd4 18. Bc4 Be6 19. Nd5 Rac8 20. O-O b5
21. Bd3 f5 22. Rxc8 Rxc8 23. Nc3 Bc4 24. Bxc4 Rxc4 25. exf5 b4 26. Re1 Kg8 27.
f6 Bf8 28. Ne4 bxa3 29. bxa3 Ne2+ 30. Kf1 Rxe4 31. f3 Re6 32. Rxe2 Rxe2 33.
Kxe2 Kf7 34. Kd3 Bxa3 35. Ke4 Kxf6 36. h4 h6 37. g4 a5 38. h5 gxh5 39. gxh5 Kg5
40. f4+ Kxh5 41. f5 Kg5 42. Ke5 Bb2+ 43. Ke4 h5 44. f6 Bxf6 45. Kf3 h4 46. Kg2
Kg4 47. Kh2 Be5+ 48. Kg2 h3+ 49. Kh1 Kf3 50. a4 Ke3 51. Kg1 Kd3 52. Kf2 Kc4 53.
Ke2 h2 54. Kd2 h1=Q 55. Kc2 Qg2+ 56. Kd1 Kd3 57. Ke1 Qe2# 0-1

[Event "20. Obert Int. Sant Marti 2018 - B"]
[Site "Barcelona ESP"]
[Date "2018.07.13"]
[Round "1.81"]
[White "Pandey, Vedanshi"]
[Black "Cano Vila, Eduard"]
[Result "0-1"]
[WhiteElo "1075"]
[BlackElo "1694"]
[PlyCount "52"]
[EventDate "2018.07.13"]
[EventType "swiss"]
[EventRounds "9"]
[EventCountry "ESP"]
[SourceTitle "Ajedrez en Madrid"]
[Source "lmi"]
[SourceDate "2018.07.13"]
[SourceVersion "1"]
[SourceVersionDate "2019.06.21"]
[SourceQuality "1"]

1. e4 d6 2. d4 Nf6 3. Nc3 Nbd7 4. Bf4 e5 5. dxe5 dxe5 6. Bg3 Bb4 7. f3 c6 8.
Qd2 Qa5 9. Bc4 b5 10. Bb3 O-O 11. Nge2 Ba6 12. O-O Rad8 13. Qg5 Bc5+ 14. Bf2 b4
15. Bxc5 Qxc5+ 16. Kh1 bxc3 17. Rae1 cxb2 18. Rg1 Bxe2 19. Rxe2 Qxg1+ 20. Kxg1
b1=Q+ 21. Kf2 Nc5 22. Qxe5 Nxb3 23. cxb3 Qd3 24. Qc5 Qd4+ 25. Qxd4 Rxd4 26. e5
Nd5 0-1

[Event "20. Obert Int. Sant Marti 2018 - B"]
[Site "Barcelona ESP"]
[Date "2018.07.13"]
[Round "1.82"]
[White "Mas Sayos, Lluis"]
[Black "Del Rio Baena, Dani"]
[Result "1-0"]
[WhiteElo "1687"]
[BlackElo "1050"]
[PlyCount "83"]
[EventDate "2018.07.13"]
[EventType "swiss"]
[EventRounds "9"]
[EventCountry "ESP"]
[SourceTitle "Ajedrez en Madrid"]
[Source "lmi"]
[SourceDate "2018.07.13"]
[SourceVersion "1"]
[SourceVersionDate "2019.06.21"]
[SourceQuality "1"]

1. Nf3 d5 2. g3 Nf6 3. Bg2 Nc6 4. O-O e5 5. d3 Be7 6. Nbd2 O-O 7. e4 Re8 8. Re1
Bc5 9. h3 b6 10. c3 Bb7 11. b4 Bf8 12. Nf1 a5 13. b5 Na7 14. Qb3 Qd7 15. exd5
Bxd5 16. c4 Bxf3 17. Bxf3 Qxh3 18. Bxa8 Rxa8 19. Qd1 Bc5 20. Qf3 Rd8 21. Bg5
Ng4 22. Re2 f6 23. Bd2 f5 24. Be1 e4 25. dxe4 fxe4 26. Rxe4 Nf6 27. Rh4 Qe6 28.
Ne3 Qe5 29. Rd1 Rf8 30. Rf4 Nh5 31. Rxf8+ Bxf8 32. Rd8 Qe7 33. Rxf8+ Qxf8 34.
Qxh5 g6 35. Qd5+ Kh8 36. Bc3+ Qg7 37. Bxg7+ Kxg7 38. Qa8 Nxb5 39. cxb5 Kf6 40.
Qc6+ Kg5 41. Qxc7 h5 42. Qf4# 1-0

[Event "20. Obert Int. Sant Marti 2018 - B"]
[Site "Barcelona ESP"]
[Date "2018.07.13"]
[Round "1.83"]
[White "Gupta, Ritvik"]
[Black "Llopis Jordan, Lluis"]
[Result "1/2-1/2"]
[WhiteElo "1021"]
[BlackElo "1683"]
[PlyCount "47"]
[EventDate "2018.07.13"]
[EventType "swiss"]
[EventRounds "9"]
[EventCountry "ESP"]
[SourceTitle "Ajedrez en Madrid"]
[Source "lmi"]
[SourceDate "2018.07.13"]
[SourceVersion "1"]
[SourceVersionDate "2019.06.21"]
[SourceQuality "1"]

1. e4 c6 2. d4 d5 3. Nd2 dxe4 4. Nxe4 Nd7 5. Ng5 Ngf6 6. Bd3 h6 7. Ne6 Qb6 8.
Nxf8 Nxf8 9. Nf3 Bg4 10. c3 Ne6 11. Be2 O-O-O 12. Ne5 Bxe2 13. Qxe2 Rhf8 14.
Nxf7 Nxd4 15. cxd4 Rxd4 16. Be3 Qb4+ 17. Bd2 Qxb2 18. O-O Rxd2 19. Qxe7 Nd7 20.
Nd6+ Kc7 21. Nc4 Rfxf2 22. Nxd2 Rxd2 23. Qh4 Rxg2+ 24. Kh1 1/2-1/2

[Event "20. Obert Int. Sant Marti 2018 - B"]
[Site "Barcelona ESP"]
[Date "2018.07.13"]
[Round "1.84"]
[White "Salazar Navas, Josep"]
[Black "Yuste Fornell, Ramon"]
[Result "1-0"]
[WhiteElo "1677"]
[BlackElo "1948"]
[PlyCount "53"]
[EventDate "2018.07.13"]
[EventType "swiss"]
[EventRounds "9"]
[EventCountry "ESP"]
[SourceTitle "Ajedrez en Madrid"]
[Source "lmi"]
[SourceDate "2018.07.13"]
[SourceVersion "1"]
[SourceVersionDate "2019.06.21"]
[SourceQuality "1"]

1. e4 c5 2. Nc3 Nc6 3. g3 g6 4. Bg2 Bg7 5. d3 e6 6. Be3 d6 7. Qd2 Nd4 8. Nd1
Ne7 9. c3 Ndc6 10. Ne2 b6 11. O-O O-O 12. Bh6 Ba6 13. Bxg7 Kxg7 14. Ne3 Rc8 15.
Rfd1 d5 16. Ng4 Ng8 17. exd5 exd5 18. Nf4 Nce7 19. Re1 Bb7 20. Re5 Rc7 21. Rae1
d4 22. Bxb7 Rxb7 23. c4 Nc6 24. Rd5 Rd7 25. Qe2 Re8 26. Qxe8 Rxd5 27. Nxd5 1-0

[Event "20. Obert Int. Sant Marti 2018 - B"]
[Site "Barcelona ESP"]
[Date "2018.07.14"]
[Round "2.1"]
[White "Moravich, Juan"]
[Black "Ishaan, Bansal"]
[Result "1/2-1/2"]
[WhiteElo "1949"]
[BlackElo "1759"]
[PlyCount "30"]
[EventDate "2018.07.13"]
[EventType "swiss"]
[EventRounds "9"]
[EventCountry "ESP"]
[SourceTitle "Ajedrez en Madrid"]
[Source "lmi"]
[SourceDate "2018.07.13"]
[SourceVersion "1"]
[SourceVersionDate "2019.06.21"]
[SourceQuality "1"]

1. e4 d5 2. exd5 Nf6 3. d4 Nxd5 4. Nf3 Bg4 5. Be2 e6 6. O-O Nc6 7. b3 Be7 8.
Bb2 Bf6 9. Nbd2 O-O 10. Ne4 Nf4 11. Nxf6+ Qxf6 12. Bb5 Bxf3 13. Qxf3 Nxd4 14.
Qe4 e5 15. Bxd4 exd4 1/2-1/2

[Event "20. Obert Int. Sant Marti 2018 - B"]
[Site "Barcelona ESP"]
[Date "2018.07.14"]
[Round "2.2"]
[White "Bayarri Ponsa, Eduard"]
[Black "Cano Sevilla, Ivan"]
[Result "1/2-1/2"]
[WhiteElo "1754"]
[BlackElo "1948"]
[PlyCount "86"]
[EventDate "2018.07.13"]
[EventType "swiss"]
[EventRounds "9"]
[EventCountry "ESP"]
[SourceTitle "Ajedrez en Madrid"]
[Source "lmi"]
[SourceDate "2018.07.13"]
[SourceVersion "1"]
[SourceVersionDate "2019.06.21"]
[SourceQuality "1"]

1. e4 c5 2. Nf3 g6 3. d4 cxd4 4. Nxd4 Bg7 5. Nc3 Nc6 6. Be3 Nf6 7. Be2 O-O 8.
Qd2 d5 9. exd5 Nxd5 10. Nxd5 Qxd5 11. Bf3 Qd8 12. Nxc6 bxc6 13. O-O-O Qc7 14.
Bh6 Be6 15. Bxg7 Kxg7 16. Qc3+ Kg8 17. Kb1 Rab8 18. h4 Rb6 19. h5 Rfb8 20. b3
Qf4 21. hxg6 fxg6 22. Rhe1 Qf7 23. Kb2 a5 24. Qe5 Bxb3 25. cxb3 Rxb3+ 26. Ka1
Rb2 27. Qe6 Rxf2 28. Qxf7+ Kxf7 29. Bxc6 Rbb2 30. Bd5+ Ke8 31. Rf1 e5 32. Rxf2
Rxf2 33. Bc6+ Kf8 34. Re1 Rf5 35. Kb2 Ke7 36. Kb3 Kd6 37. Be4 Rf4 38. Kc4 Rf2
39. Rd1+ Ke6 40. Kc5 Rb2 41. Rd6+ Ke7 42. a4 Ra2 43. Rb6 Rxa4 1/2-1/2

[Event "20. Obert Int. Sant Marti 2018 - B"]
[Site "Barcelona ESP"]
[Date "2018.07.14"]
[Round "2.3"]
[White "Planella Sanchez, Jordi"]
[Black "Zubimendi Felip, Ricard"]
[Result "1/2-1/2"]
[WhiteElo "1945"]
[BlackElo "1752"]
[PlyCount "54"]
[EventDate "2018.07.13"]
[EventType "swiss"]
[EventRounds "9"]
[EventCountry "ESP"]
[SourceTitle "Ajedrez en Madrid"]
[Source "lmi"]
[SourceDate "2018.07.13"]
[SourceVersion "1"]
[SourceVersionDate "2019.06.21"]
[SourceQuality "1"]

1. d4 Nf6 2. Nf3 d5 3. c4 Bg4 4. Ne5 Bf5 5. Nc3 e6 6. Bg5 Be7 7. e3 Nbd7 8.
Nxd7 Qxd7 9. Bd3 Bg6 10. O-O O-O 11. Bxg6 hxg6 12. cxd5 exd5 13. Rc1 Rfe8 14.
Qd3 Ne4 15. Bxe7 Rxe7 16. Ne2 c6 17. Rc2 Qd6 18. a3 Kh7 19. b4 a6 20. Nc3 Nxc3
21. Qxc3 Re4 22. a4 Rh4 23. g3 Rh5 24. Rb2 Qe6 25. Qd3 Qh3 26. f3 Re8 27. Rff2
Re6 1/2-1/2

[Event "20. Obert Int. Sant Marti 2018 - B"]
[Site "Barcelona ESP"]
[Date "2018.07.14"]
[Round "2.4"]
[White "Serentill Tost, Eduard"]
[Black "Zaiats, Vladimir"]
[Result "0-1"]
[WhiteElo "1745"]
[BlackElo "1943"]
[PlyCount "70"]
[EventDate "2018.07.13"]
[EventType "swiss"]
[EventRounds "9"]
[EventCountry "ESP"]
[SourceTitle "Ajedrez en Madrid"]
[Source "lmi"]
[SourceDate "2018.07.13"]
[SourceVersion "1"]
[SourceVersionDate "2019.06.21"]
[SourceQuality "1"]

1. e4 e5 2. Nf3 Nf6 3. Nxe5 d6 4. Nf3 Nxe4 5. Nc3 Nf6 6. d4 d5 7. Qe2+ Be7 8.
Bg5 O-O 9. O-O-O Be6 10. h3 Nbd7 11. g4 Re8 12. Bg2 Ne4 13. Nxe4 dxe4 14. Bxe7
exf3 15. Qxf3 Qxe7 16. d5 Ne5 17. Qe4 Bd7 18. Rhe1 Qd6 19. Qd4 Ng6 20. Be4 a5
21. Re3 Rad8 22. Rde1 c5 23. Qd2 Ne5 24. Qe2 Ng6 25. Bxg6 hxg6 26. c4 Rxe3 27.
fxe3 b5 28. e4 Qe5 29. Qd2 bxc4 30. Qxa5 Rb8 31. Re2 Bb5 32. Qc3 Qf4+ 33. Kb1
Re8 34. e5 Qf1+ 35. Re1 Qd3+ 0-1

[Event "20. Obert Int. Sant Marti 2018 - B"]
[Site "Barcelona ESP"]
[Date "2018.07.14"]
[Round "2.5"]
[White "Sumelzo Lozano, Jose"]
[Black "Caro Martinez, Ramon"]
[Result "1/2-1/2"]
[WhiteElo "1941"]
[BlackElo "1741"]
[PlyCount "169"]
[EventDate "2018.07.13"]
[EventType "swiss"]
[EventRounds "9"]
[EventCountry "ESP"]
[SourceTitle "Ajedrez en Madrid"]
[Source "lmi"]
[SourceDate "2018.07.13"]
[SourceVersion "1"]
[SourceVersionDate "2019.06.21"]
[SourceQuality "1"]

1. d4 d5 2. c4 c6 3. Nc3 a6 4. cxd5 cxd5 5. Nf3 Nf6 6. Bg5 b5 7. a3 Bf5 8. e3
e6 9. Ne5 Be7 10. Bd3 Ne4 11. Bxe7 Qxe7 12. Rc1 O-O 13. O-O f6 14. Nf3 Qb7 15.
Nh4 Nxc3 16. Rxc3 Bxd3 17. Qxd3 Nd7 18. Nf3 e5 19. Nd2 Nb6 20. Rfc1 Rac8 21.
Nb3 Rxc3 22. Rxc3 Na4 23. Nc5 Nxc5 24. dxc5 Qc6 25. b4 Rd8 26. Rc1 d4 27. Rd1
Kh8 28. f3 Qd5 29. exd4 exd4 30. Qe4 Qxe4 31. fxe4 Kg8 32. Kf2 Kf7 33. Ke2 Ke6
34. Kd3 Ke5 35. Rf1 g6 36. g4 Rc8 37. h4 a5 38. g5 fxg5 39. hxg5 axb4 40. axb4
Ra8 41. Rc1 Ra3+ 42. Kd2 Kxe4 43. c6 Ra8 44. c7 Rc8 45. Rc5 d3 46. Rc3 Kd4 47.
Rxd3+ Kc4 48. Kc2 Kxb4 49. Rd7 Kc5 50. Kb3 Kc6 51. Rxh7 Rxc7 52. Rh8 Re7 53.
Rg8 Re6 54. Kb4 Re4+ 55. Kb3 Re6 56. Kb4 Kd6 57. Kxb5 Re5+ 58. Kc4 Rxg5 59. Kd4
Ke6 60. Ke4 Rg1 61. Ke3 Ke5 62. Kf2 Rg5 63. Ra8 Kf6 64. Kf3 Rg1 65. Kf2 Rb1 66.
Ra5 Rb3 67. Ra6+ Kg5 68. Ra5+ Kh4 69. Ra4+ Kh5 70. Ra5+ g5 71. Kg2 Kh4 72. Ra4+
g4 73. Ra2 Rg3+ 74. Kh1 Rc3 75. Kg2 Rc4 76. Rb2 Kg5 77. Rf2 Re4 78. Ra2 Kh4 79.
Rb2 g3 80. Ra2 Kg4 81. Rb2 Rf4 82. Ra2 Rf3 83. Ra4+ Rf4 84. Rxf4+ Kxf4 85. Kg1
1/2-1/2

[Event "20. Obert Int. Sant Marti 2018 - B"]
[Site "Barcelona ESP"]
[Date "2018.07.14"]
[Round "2.6"]
[White "Morales Mendizabal, Pere"]
[Black "Molinero Martin, Joan"]
[Result "0-1"]
[WhiteElo "1742"]
[BlackElo "1939"]
[PlyCount "88"]
[EventDate "2018.07.13"]
[EventType "swiss"]
[EventRounds "9"]
[EventCountry "ESP"]
[SourceTitle "Ajedrez en Madrid"]
[Source "lmi"]
[SourceDate "2018.07.13"]
[SourceVersion "1"]
[SourceVersionDate "2019.06.21"]
[SourceQuality "1"]

1. d4 Nf6 2. f4 g6 3. Nf3 Bg7 4. e3 d6 5. Bd3 O-O 6. Nbd2 c5 7. c3 b6 8. Qe2 a5
9. O-O Na6 10. e4 cxd4 11. Nxd4 Nc5 12. Bc4 Bg4 13. N4f3 Rb8 14. h3 Bd7 15. e5
Nh5 16. Qe3 Ng3 17. Re1 b5 18. Bf1 Bh6 19. Ng5 Nf5 20. Qf2 Qc7 21. Nde4 Nxe4
22. Nxe4 dxe5 23. g4 Nd6 24. fxe5 Nxe4 25. Rxe4 Bxc1 26. Rxc1 Be6 27. b3 Rfd8
28. Qe3 Rd5 29. c4 Rc5 30. a3 bxc4 31. Bxc4 a4 32. Rd1 Bxc4 33. bxc4 Rxc4 34.
e6 fxe6 35. Rxe6 Rb3 36. Rd3 Rb2 37. Rd2 Rxd2 38. Qxd2 Rc1+ 39. Re1 Qg3+ 40.
Kf1 Qxh3+ 41. Kf2 Qh2+ 42. Ke3 Qxd2+ 43. Kxd2 Rxe1 44. Kxe1 h5 0-1

[Event "20. Obert Int. Sant Marti 2018 - B"]
[Site "Barcelona ESP"]
[Date "2018.07.14"]
[Round "2.7"]
[White "Martinez Escribano, Jose Angel"]
[Black "Tortosa Moros, Joan"]
[Result "1/2-1/2"]
[WhiteElo "1930"]
[BlackElo "1741"]
[PlyCount "62"]
[EventDate "2018.07.13"]
[EventType "swiss"]
[EventRounds "9"]
[EventCountry "ESP"]
[SourceTitle "Ajedrez en Madrid"]
[Source "lmi"]
[SourceDate "2018.07.13"]
[SourceVersion "1"]
[SourceVersionDate "2019.06.21"]
[SourceQuality "1"]

1. e4 c5 2. Nf3 g6 3. d4 cxd4 4. Nxd4 Bg7 5. Nc3 Nc6 6. Be3 Nf6 7. Bc4 Qa5 8.
Nxc6 dxc6 9. Bd3 O-O 10. f3 Rd8 11. O-O c5 12. Qe2 a6 13. Qf2 Nd7 14. Nd5 e6
15. Bd2 Qa4 16. Qh4 Rf8 17. Ne7+ Kh8 18. Nxc8 Raxc8 19. c3 c4 20. Bb1 Qb5 21.
Bc1 Nc5 22. Qg5 f6 23. Qe3 f5 24. Qe2 Rcd8 25. Bc2 Nd3 26. Rb1 Nxc1 27. Rfxc1
Qc5+ 28. Kf1 Rd6 29. Rd1 Rfd8 30. Rxd6 Rxd6 31. exf5 gxf5 1/2-1/2

[Event "20. Obert Int. Sant Marti 2018 - B"]
[Site "Barcelona ESP"]
[Date "2018.07.14"]
[Round "2.8"]
[White "Fungueirino Pique, Daniel"]
[Black "Walter Travella, German"]
[Result "0-1"]
[WhiteElo "1740"]
[BlackElo "1924"]
[PlyCount "96"]
[EventDate "2018.07.13"]
[EventType "swiss"]
[EventRounds "9"]
[EventCountry "ESP"]
[SourceTitle "Ajedrez en Madrid"]
[Source "lmi"]
[SourceDate "2018.07.13"]
[SourceVersion "1"]
[SourceVersionDate "2019.06.21"]
[SourceQuality "1"]

1. d4 b6 2. c4 Bb7 3. Nc3 d6 4. Nf3 Nf6 5. Bg5 Nbd7 6. e3 g6 7. Be2 Bg7 8. a4
a5 9. Rb1 Ne4 10. Nxe4 Bxe4 11. Bd3 Bxd3 12. Qxd3 h6 13. Bh4 f5 14. h3 Nf6 15.
Bxf6 Bxf6 16. O-O Qd7 17. b3 g5 18. d5 e5 19. dxe6 Qxe6 20. Nd4 Qe4 21. Qd2 f4
22. Rbe1 Kd7 23. Nf3 Rae8 24. exf4 Qxf4 25. Qxf4 gxf4 26. Rxe8 Rxe8 27. Re1
Rxe1+ 28. Nxe1 Ke6 29. Nd3 Kf5 30. f3 h5 31. Kf1 Bc3 32. Ke2 c6 33. Nf2 Bf6 34.
Kd3 Ke5 35. Ne4 Be7 36. Nc3 Kf5 37. Ne4 Bf8 38. Nc3 Bg7 39. Ne4 Be5 40. Nc3
Bxc3 41. Kxc3 Kg5 42. Kd4 Kh4 43. Ke4 Kg3 44. Kf5 h4 45. Ke4 d5+ 46. Ke5 d4 47.
Kxd4 Kxg2 48. Ke4 Kg3 0-1